[Event "BRA-ch U18 Girls"]
[Site "Juiz de Fora"]
[Date "2019.04.21"]
[Round "5"]
[White "Da Silva, Vitoria Aparecida V"]
[Black "Di Simoni, Rafaela Moura"]
[Result "1/2-1/2"]
[WhiteElo "1400"]
[BlackElo "1496"]
[PlyCount "54"]
[EventDate "2019.04.19"]
[EventType "tourn"]
[EventRounds "5"]
[EventCountry "BRA"]
[SourceTitle "CBM 190 Extra"]
[Source "ChessBase"]
[SourceDate "2019.07.15"]
[SourceVersion "1"]
[SourceVersionDate "2019.07.15"]
[SourceQuality "1"]

1. e4 c6 2. d3 d5 3. Nd2 dxe4 4. dxe4 e5 5. Ngf3 Nd7 6. g3 Ngf6 7. Bg2 Be7 8. 0-0 0-0 9. Re1 Qc7 10. a4 Rd8 11. Qe2 a6 12. h4 b6 13. Nf1 a5 14. N3h2 Ba6 15. c4 Nc5 16. Bg5 Nb3 17. Bxf6 Bxf6 18. Rad1 Nd4 19. Qh5 g6 20. Qh6 Bg7 21. Qc1 c5 22. Ng4 Qd7 23. Nfe3 Bb7 24. Kh1 Qxa4 25. Qa1 Qxa1 26. Rxa1 Kf8 27. Rac1 Bc6 1/2-1/2

[Event "Amazonense-ch (Women)"]
[Site "Manaus"]
[Date "2018.12.??"]
[Round "4"]
[White "Da Silva, Vitoria Aparecida V"]
[Black "Da Rocha, Alynne Ribeiro"]
[Result "0-1"]
[WhiteElo "1376"]
[BlackElo "1711"]
[PlyCount "70"]
[EventDate "2018.12.01"]
[EventType "swiss"]
[EventRounds "5"]
[EventCountry "BRA"]
[SourceTitle "EXT 2022"]
[Source "ChessBase"]
[SourceDate "2021.10.06"]
[SourceVersion "1"]
[SourceVersionDate "2021.10.06"]
[SourceQuality "1"]

1. e4 c5 2. d3 Nc6 3. Nf3 d6 4. g3 Bd7 5. Bg2 e6 6. 0-0 Be7 7. Re1 Qc7 8. Nbd2 Nf6 9. Nc4 b5 10. Ne3 0-0 11. Nf1 e5 12. h4 Nd4 13. N1h2 Qc8 14. Bg5 h6 15. Bxf6 Bxf6 16. c3 Nxf3+ 17. Nxf3 Bg4 18. Qd2 Bh3 19. d4 Rd8 20. Qe3 Bxg2 21. Kxg2 cxd4 22. cxd4 Qc2 23. Qc3 Rac8 24. Qxc2 Rxc2 25. dxe5 Bxe5 26. Nxe5 dxe5 27. Red1 Rd4 28. Rxd4 exd4 29. b4 d3 30. Rd1 Rxa2 31. Rxd3 Kf8 32. Kf3 Ke7 33. Ke3 a5 34. bxa5 b4 35. Rb3 Ra3 0-1

[Event "Manaus Regional Norte-ch"]
[Site "Manaus"]
[Date "2018.10.13"]
[Round "4"]
[White "Da Silva, Vitoria Aparecida V"]
[Black "De Vasconcelos, Ivan Azevedo"]
[Result "1-0"]
[WhiteElo "1368"]
[BlackElo "1704"]
[PlyCount "101"]
[EventDate "2018.10.11"]
[EventType "swiss"]
[EventRounds "7"]
[EventCountry "BRA"]
[SourceTitle "CBM 186 Extra"]
[Source "ChessBase"]
[SourceDate "2018.08.24"]
[SourceVersion "1"]
[SourceVersionDate "2018.08.24"]
[SourceQuality "1"]

1. e4 e6 2. d3 d5 3. Nd2 Nf6 4. Qe2 dxe4 5. Nxe4 Nxe4 6. Qxe4 Nc6 7. Qe2 e5 8. g3 Bc5 9. Bg2 Bd7 10. Nf3 Qf6 11. 0-0 Bg4 12. c3 0-0 13. h3 Bxf3 14. Bxf3 Rfe8 15. h4 Rad8 16. Bg5 Qg6 17. Bxd8 Rxd8 18. Bxc6 bxc6 19. Qxe5 Bd6 20. Qe3 a5 21. Rae1 Bf8 22. d4 h6 23. Qe2 Kh7 24. Qa6 Qc2 25. Qxa5 Bd6 26. Rb1 Rb8 27. a4 Qg6 28. Kh2 Qg4 29. Qa6 Rb6 30. Qd3+ g6 31. Kg1 f5 32. a5 Rb8 33. a6 f4 34. Qe4 Rf8 35. a7 Qh3 36. Qg2 Qg4 37. gxf4 Qxf4 38. Ra1 Ra8 39. Rfe1 Qd2 40. f3 Qf4 41. Re4 Qf6 42. Qg4 h5 43. Qd7+ Kh6 44. Kg2 Bf4 45. Re6 Qxh4 46. Qxc6 Qh2+ 47. Kf1 Bg3 48. Rxg6+ Kh7 49. Rh6+ Kg7 50. Qf6+ Kg8 51. Rh8# 1-0